MARC

Tag First Indicator Second Indicator Subfields
LEADER 00000cas a2200000 4500
001 in00000072227
005 20240214173527.0
008 760524d19531970ilu x m b 0 a0eng c
010 |a sn 90002560  
012 |i 9202  |j 0 
016 7 |a 012751480  |2 Uk 
019 |a 499860563  |a 1099007592 
022 0 |a 0554-7407  |l 0554-7407  |2 1 
029 1 |a AU@  |b 000007496129 
030 |a PCABAE 
035 |a (OCoLC)ocm02191406  
035 |a (OCoLC)2191406  |z (OCoLC)499860563  |z (OCoLC)1099007592 
035 |a (OCoLC)ocm02191406  
040 |a UDI  |b eng  |c UDI  |d NSD  |d FUG  |d NSD  |d NST  |d DLC  |d OCLCQ  |d OCLCF  |d OCLCO  |d UKMGB  |d OCLCA  |d FUG 
042 |a nsdp  |a pcc 
050 4 |a TA680  |b .P83 
082 1 0 |a 666  |2 11 
110 2 |a Portland Cement Association.  |b Development Department. 
210 0 |a Bull. - Portland Cement Assoc., Dev. Dep. 
222 0 |a Bulletin - Portland Cement Association. Development Dept. 
245 1 0 |a Bulletin. 
246 1 0 |a Bulletin D 
260 |a Chicago :  |b Portland Cement Association, Research and Development Laboratories, Development Department,  |c 1953-1958. 
260 3 |3 1958-1970:  |a Skokie, Ill. :  |b Portland Cement Association, Research and Development Laboratories, Development Department. 
300 |a 147 volumes :  |b illustrations ;  |c 23 cm. 
310 |a Irregular 
336 |a text  |b txt  |2 rdacontent 
337 |a unmediated  |b n  |2 rdamedia 
338 |a volume  |b nc  |2 rdacarrier 
362 0 |a D1- May 1953- 
362 1 |a Ceased with D147 (December 1970). 
500 |a Title from cover. 
500 |a Each volume also has a distinctive title. 
500 |a Chiefly reprints of articles published in journals and conference proceedings. 
504 |a Includes bibliographical references. 
525 |a Some issues may have supplements. 
555 |a D1 (1953)-D99 (1965) (Issued as Bulletin D100). 1 volume; D1-D146 (issued as Bulletin D147). 1 volume; 1939-1989 (includes later title). 1 volume. 
580 |a Merged with: Bulletin (Portland Cement Association. Research and Development Laboratories. Research Department), to form: Research and development bulletin (Skokie, Ill.). 
588 |a Latest issue consulted: D147 (December 1970). 
650 0 |a Concrete. 
650 0 |a Portland cement. 
650 7 |a Concrete.  |2 fast  |0 (OCoLC)fst00874126 
650 7 |a Portland cement.  |2 fast  |0 (OCoLC)fst01072092 
776 0 8 |i Online version:  |a Portland Cement Association. Research and Development Laboratories. Development Department.  |t Bulletin  |w (OCoLC)609539776 
785 1 7 |t Bulletin (Portland Cement Association. Research and Development Laboratories. Research Department)  |x 0096-297X  |w (DLC)sn 82006228  |w (OCoLC)1607572 
785 1 7 |t Research and development bulletin (Skokie, Ill.)  |x 0363-5864  |w (DLC)sf 85008000  |w (OCoLC)2478846 
850 |a NcRS 
948 |h HELD BY TXA - 64 OTHER HOLDINGS 
994 |a Z0  |b TXA 
999 f f |s 23045fa1-88bc-3313-9aa2-8ddde6246874  |i 07870cc1-fc09-375c-bb85-a0a174ecd2a6  |t 0 
952 f f |a Texas A&M University  |b Rellis Campus  |c Joint Library Facility  |d Remote Storage  |e TA439 .P82  |h Library of Congress classification  |i unmediated -- volume  |k D21-D30  |l 1958-1959  |m A14852018762  |p ric  |s JLF  |t 0 
952 f f |a Texas A&M University  |b Rellis Campus  |c Joint Library Facility  |d Remote Storage  |e TA439 .P82  |h Library of Congress classification  |i unmediated -- volume  |k D1-D10  |l 1953-1957  |m A14852018556  |p ric  |s JLF  |t 0 
952 f f |a Texas A&M University  |b Rellis Campus  |c Joint Library Facility  |d Remote Storage  |e TA439 .P82  |h Library of Congress classification  |i unmediated -- volume  |k D146-D147  |l 1968-1970  |m A14852018671  |p ric  |s JLF  |t 0 
952 f f |a Texas A&M University  |b Rellis Campus  |c Joint Library Facility  |d Remote Storage  |e TA439 .P82  |h Library of Congress classification  |i unmediated -- volume  |k D131-D145  |l 1968  |m A14818025702  |p ric  |s JLF  |t 0 
952 f f |a Texas A&M University  |b Rellis Campus  |c Joint Library Facility  |d Remote Storage  |e TA439 .P82  |h Library of Congress classification  |i unmediated -- volume  |k D86-D100  |l 1964-1967  |m A14852018705  |p ric  |s JLF  |t 0 
952 f f |a Texas A&M University  |b Rellis Campus  |c Joint Library Facility  |d Remote Storage  |e TA439 .P82  |h Library of Congress classification  |i unmediated -- volume  |k D11-D20  |l 1957-1958  |m A14812191806  |p ric  |s JLF  |t 0 
952 f f |a Texas A&M University  |b Rellis Campus  |c Joint Library Facility  |d Remote Storage  |e TA439 .P82  |h Library of Congress classification  |i unmediated -- volume  |k D31-D40  |l 1959-1961  |m A14852018754  |p ric  |s JLF  |t 0 
952 f f |a Texas A&M University  |b Rellis Campus  |c Joint Library Facility  |d Remote Storage  |e TA439 .P82  |h Library of Congress classification  |i unmediated -- volume  |k D71-D85  |l 1963-1965  |m A14852018713  |p ric  |s JLF  |t 0 
952 f f |a Texas A&M University  |b Rellis Campus  |c Joint Library Facility  |d Remote Storage  |e TA439 .P82  |h Library of Congress classification  |i unmediated -- volume  |k D41-D50  |l 1961  |m A14852018747  |p ric  |s JLF  |t 0 
952 f f |a Texas A&M University  |b Rellis Campus  |c Joint Library Facility  |d Remote Storage  |e TA439 .P82  |h Library of Congress classification  |i unmediated -- volume  |k D101-D115  |l 1965-1967  |m A14852018697  |p ric  |s JLF  |t 0 
952 f f |a Texas A&M University  |b Rellis Campus  |c Joint Library Facility  |d Remote Storage  |e TA439 .P82  |h Library of Congress classification  |i unmediated -- volume  |k D61-D70  |l 1963  |m A14852018721  |p ric  |s JLF  |t 0 
952 f f |a Texas A&M University  |b Rellis Campus  |c Joint Library Facility  |d Remote Storage  |e TA439 .P82  |h Library of Congress classification  |i unmediated -- volume  |k D51-D60  |l 1961-1963  |m A14852018739  |p ric  |s JLF  |t 0 
952 f f |a Texas A&M University  |b Rellis Campus  |c Joint Library Facility  |d Remote Storage  |e TA439 .P82  |h Library of Congress classification  |i unmediated -- volume  |k D116-D130  |l 1967  |m A14852018689  |p ric  |s JLF  |t 0